La tabula Picta, tra creatore e fruitore
Guardat en:
| Autor principal: | |
|---|---|
| Format: | Llibre |
| Idioma: | italià |
| Publicat: |
Nápoles
Jovene
1984
|
| Col·lecció: | Pubblicazioni della Facoltà Giuridica dell'Università di Napoli, 211
|
| Matèries: | |
| Etiquetes: |
Afegir etiqueta
Sense etiquetes, Sigues el primer a etiquetar aquest registre!
|
MARC
| LEADER | 00000cam a2200000 a 4500 | ||
|---|---|---|---|
| 001 | UCG9223 | ||
| 003 | CL-VaPUC | ||
| 008 | 120302e19840000IT |||||||||||||||||ita|d | ||
| 082 | 0 | 4 | |a 340.54 |b LUC |2 21 |
| 100 | |a Lucrezi, Francesco |e autor |9 594069 | ||
| 245 | 1 | 3 | |a La tabula Picta, tra creatore e fruitore |
| 300 | |a 300 p | ||
| 942 | |c BK | ||
| 945 | |d 20120302 00:00:00 |a cmena | ||
| 260 | |a Nápoles |b Jovene |c 1984 | ||
| 650 | 0 | |a Derecho romano |9 255930 | |
| 650 | 0 | |a Historia del derecho |9 255109 | |
| 650 | 0 | |a Artistas |9 262026 | |
| 650 | 7 | |a CREACIONES ARTISTICAS |2 CL-VaPUC |9 560703 | |
| 650 | 0 | |a Derecho romano |9 255930 | |
| 583 | |a last modification |c 20120302 10:37:00 |k Rodrigo Vera | ||
| 490 | 0 | |a Pubblicazioni della Facoltà Giuridica dell'Università di Napoli, 211 | |
| 999 | |c 346787 |d 346785 | ||
| 952 | |0 0 |1 0 |4 0 |6 340_540000000000000_LUC_1984 |7 0 |8 DER_ROM |9 447611 |a BIBDER |b BIBDER |d 2019-11-22 |i 4834275 |o 340.54 LUC 1984 |p 4834275 |r 2023-01-25 |w 2019-11-22 |x Ubicación 4to piso |y BK |z Este recurso debe solicitarse con anticipación |k DER | ||